| 000 | 00372 a2200169 4500 | ||
|---|---|---|---|
| 001 | 184605 | ||
| 020 | _a85-08-028-38-5 | ||
| 040 | _cMagnum | ||
| 100 | _aPorto, Cristina | ||
| 240 | 1 | 0 |
_aSe... será, serafina ? _lpor |
| 245 | 1 | 0 | _aSe... será, serafina ? |
| 300 | _a65 | ||
| 362 | 0 | _a2001 | |
| 440 | 1 | _aÁtica | |
| 697 | _aLITERATURA INFANTO-JUVENIL | ||
| 942 | _cBK | ||
| 999 |
_c184605 _d184605 |
||